Badly Described 2022 Films - Statistics

General Stats
  • This quiz has been taken 725 times
  • The average score is 4 of 16
Answer Stats
Hint Answer % Correct
Not the most uplifting film involving riddles and a Penguin that I have seen. The Batman
72%
They really let their imaginations Wanda with this one Doctor Strange in the Multiverse of Madness
68%
Complete the sequence: Freddie Mercury, Elton John, ... Elvis
36%
When two remakes of the same children's story are released in the same year, let's hope the multi-billion company's version doesn't flop, that wouldn't be a good look Pinocchio
35%
A 2 hour TED Talk about Thomas the Tank Engine lore interspersed with locomotive violence Bullet Train
29%
'Where's my supersuit?'... Wait? Ice Man isn't from the Incredibles? Top Gun: Maverick
26%
Surely it would have been easier and better to just get Tim Allen back rather than hiring Captain America? Lightyear
25%
A film about the blonde bombshell better not, itself, bomb. Blonde
21%
The most intense scene I've seen of people trying to anally penetrate themselves to gain superpowers. Everything Everywhere All At Once
14%
I had exactly the same experience with my Airbnb too! Barbarian
12%
Don't cut off your fingers just to spite your hand. The Banshees of Inisherin
9%
When the scary motorcyclist with the intimidating helmet turns out to be the most horrifying thing you could imagine - a reporter. Nope
7%
Apparently no one in the editing room watched a 20 minute vomiting scene and went 'okay, it's got to be at least a couple minutes too long?'. 'No, they said. It needs a Marxist monologue' they concluded. Triangle of Sadness
7%
Film trying to psychologically get positive reviews on Rotten Tomatoes with its name Fresh
5%
There must be easier crimes to commit in order to hang out with the policeman you have a crush on? Decision to Leave
1%
Maybe the cure to being bullied is to make your bully the protagonist in your prom film? The Fabelmans
1%
No matching quizzes found
Score Distribution
Percent of People with Each Score
Percentile by Number Answered
Your Score History
You have not taken this quiz